000 00300nam a2200133 i 4500
001 bg
100 1 _aSOKOLNIKOW, J. S.
245 0 _aTenzornyj analiz /
_cJ.S. Sokolnikow.
260 _aMoskwa,
_c1971.
040 _cBPK
041 _apol
942 _cKS
008 s pl f |000 0 pol
999 _c14546
_d14546
856 _uhttp://koha.tu.koszalin.pl/cgi-bin/koha/opac-detail.pl?biblionumber=14546
_yKatalog online BPK